| 000 | 01856nam a2200241Ia 4500 | ||
|---|---|---|---|
| 008 | 260220t1973||||xx |||||||||||||| ||spa|| | ||
| 040 |
_aPY-SlUNAC _bspa _erda |
||
| 041 | _aspa | ||
| 082 |
_a519.5 _bK199f |
||
| 100 |
_aKearney, Patricia A. _eAutor |
||
| 245 | 0 |
_aFundamentos de matemáticas para estadística elemental / _cpor Patricia A. Kearney [Autor] |
|
| 264 |
_aCiudad de México : _bJohn Wiley & Sons Ltd., _c℗1973. |
||
| 300 | _a1 volumen | ||
| 520 | _aEl libro "Fundamentos de matemáticas para estadística elemental" de Patricia A. Kearney presenta una introducción accesible a los conceptos matemáticos esenciales para comprender la estadística. A lo largo de sus capítulos, Kearney aborda temas como la aritmética básica, álgebra, probabilidad y funciones, integrando ejemplos prácticos que facilitan la comprensión de las aplicaciones estadísticas. Se enfatiza la importancia de las matemáticas en la interpretación de datos y en la toma de decisiones basadas en evidencia. Además, el texto incluye ejercicios y problemas que permiten a los estudiantes practicar y consolidar su aprendizaje. Kearney también destaca la relación entre las matemáticas y las técnicas estadísticas, proporcionando un marco que ayuda a los lectores a desarrollar habilidades analíticas. Este enfoque didáctico lo convierte en una herramienta valiosa para aquellos que buscan adquirir los conocimientos matemáticos necesarios para avanzar en estudios de estadística, tanto a nivel académico como profesional, estableciendo una base sólida para el análisis de datos. | ||
| 653 | _aEducación matemática | ||
| 653 | _aEstadística | ||
| 653 | _aMatemáticas | ||
| 942 |
_b2026/02/17 _cBK |
||
| 999 |
_c7663 _d7663 |
||